UM Logo

Salik Nakakaapekto Sa Komprehensyon ng mga Mag-aaral Sa Asignaturang Filipino Sa Ikapitong Baitang ng Digos City National High School. (Record no. 6386)

MARC details
000 -LEADER
fixed length control field 00673nam a22001577a 4500
008 - FIXED-LENGTH DATA ELEMENTS--GENERAL INFORMATION
fixed length control field 170309b xxu||||| |||| 00| 0 eng d
082 ## - DEWEY DECIMAL CLASSIFICATION NUMBER
Edition number 2016
Classification number UT 0695
Item number C13
100 ## - MAIN ENTRY--PERSONAL NAME
9 (RLIN) 19250
Personal name Caluyan, Zeren Mariel M.
245 ## - TITLE STATEMENT
Title Salik Nakakaapekto Sa Komprehensyon ng mga Mag-aaral Sa Asignaturang Filipino Sa Ikapitong Baitang ng Digos City National High School.
Statement of responsibility, etc. Zeren MAriel M. Caluyan, May Claire A. Capuyan and lovejoy F. Togonon.
300 ## - PHYSICAL DESCRIPTION
Extent 49 pages;
Other physical details 29 cm.
650 #0 - SUBJECT ADDED ENTRY--TOPICAL TERM
9 (RLIN) 19251
Topical term or geographic name as entry element Education
Form subdivision Filipino
General subdivision Undergraduate Thesis.
700 ## - ADDED ENTRY--PERSONAL NAME
9 (RLIN) 19252
Personal name Caluyan, Zeren Mariel M.
700 ## - ADDED ENTRY--PERSONAL NAME
9 (RLIN) 19253
Personal name Capuyan, May Claire A.
700 ## - ADDED ENTRY--PERSONAL NAME
9 (RLIN) 19254
Personal name togonon, Lovejoy F.
942 ## - ADDED ENTRY ELEMENTS (KOHA)
Source of classification or shelving scheme Dewey Decimal Classification
Koha item type Undergraduate Thesis
Holdings
Withdrawn status Lost status Source of classification or shelving scheme Damaged status Not for loan Home library Current library Date acquired Total Checkouts Full call number Barcode Date last seen Price effective from Koha item type
    Dewey Decimal Classification     UM Digos College - LIC UM Digos College - LIC 11/07/2016   UT 0695 C13 2016 UT0695 03/09/2017 03/09/2017 Undergraduate Thesis